Practice and procedure of the Inter-American Court of Human Rights / (Record no. 3743)

MARC details
000 -LEADER
fixed length control field 03443cam a2200589 i 4500
001 - CONTROL NUMBER
control field ocn784448810
003 - CONTROL NUMBER IDENTIFIER
control field OCoLC
005 - DATE AND TIME OF LATEST TRANSACTION
control field 20171113155519.0
008 - FIXED-LENGTH DATA ELEMENTS--GENERAL INFORMATION
fixed length control field 120405s2013 enk b 001 0 eng
010 ## - LIBRARY OF CONGRESS CONTROL NUMBER
LC control number 2012014235
016 7# - NATIONAL BIBLIOGRAPHIC AGENCY CONTROL NUMBER
Record control number 016094907
Source Uk
020 ## - INTERNATIONAL STANDARD BOOK NUMBER
International Standard Book Number 9781107006584
Qualifying information (hardback)
020 ## - INTERNATIONAL STANDARD BOOK NUMBER
International Standard Book Number 1107006589
Qualifying information (hardback)
020 ## - INTERNATIONAL STANDARD BOOK NUMBER
International Standard Book Number 9781107691902
020 ## - INTERNATIONAL STANDARD BOOK NUMBER
International Standard Book Number 1107691907
029 1# - (OCLC)
OCLC library identifier AU@
System control number 000049011464
029 1# - (OCLC)
OCLC library identifier CHBIS
System control number 007324281
029 1# - (OCLC)
OCLC library identifier CHNEW
System control number 000565115
029 1# - (OCLC)
OCLC library identifier CHVBK
System control number 035618353
029 1# - (OCLC)
OCLC library identifier CHVBK
System control number 18277838X
035 ## - SYSTEM CONTROL NUMBER
System control number (OCoLC)784448810
Canceled/invalid control number (OCoLC)894134432
-- (OCoLC)894135364
-- (OCoLC)895247389
040 ## - CATALOGING SOURCE
Original cataloging agency DLC
Language of cataloging eng
Description conventions rda
Transcribing agency DLC
Modifying agency YDX
-- YDXCP
-- RCJ
-- BWX
-- UKMGB
-- OCLCQ
-- OCLCA
-- UTV
-- OCLCF
-- OCLCQ
-- CHVBK
-- OCLCO
-- CCD
-- IG#
-- OCLCQ
-- CUH
-- LRP
-- OCLCO
042 ## - AUTHENTICATION CODE
Authentication code pcc
043 ## - GEOGRAPHIC AREA CODE
Geographic area code n------
-- s------
049 ## - LOCAL HOLDINGS (OCLC)
Holding library TZAA
050 00 - LIBRARY OF CONGRESS CALL NUMBER
Classification number KDZ579
Item number .I58 2013
082 00 - DEWEY DECIMAL CLASSIFICATION NUMBER
Classification number 347.27/05
Edition number 23
100 1# - MAIN ENTRY--PERSONAL NAME
Personal name Pasqualucci, Jo M.
9 (RLIN) 160
245 14 - TITLE STATEMENT
Title Practice and procedure of the Inter-American Court of Human Rights /
Statement of responsibility, etc Jo M. Pasqualucci.
250 ## - EDITION STATEMENT
Edition statement Second edition.
260 ## - PUBLICATION, DISTRIBUTION, ETC. (IMPRINT)
Place of publication, distribution, etc Cambridge :
Name of publisher, distributor, etc Cambridge University Press,
Date of publication, distribution, etc 2013.
300 ## - PHYSICAL DESCRIPTION
Extent 1, 410 pages ;
Dimensions 24 cm
504 ## - BIBLIOGRAPHY, ETC. NOTE
Bibliography, etc Includes bibliographical references (pages 389-400) and index.
505 0# - FORMATTED CONTENTS NOTE
Formatted contents note Advisory practice and procedure -- Proceedings before the Inter-American Commission -- Jurisdiction of the Inter-American Court -- Proceedings on the merits : fact-finding and attribution of state responsibility -- Victim reparations -- Provisional measures -- State compliance with court-ordered reparations.
520 ## - SUMMARY, ETC.
Summary, etc "In this thoroughly revised second edition that incorporates the major changes made in the procedures and practice of the Inter-American Court since the the original publication of this book, Jo M. Pasqualucci provides a comprehensive critique that is at once scholarly yet practical. She analyzes all aspects of the Court's advisory jurisdiction, contentious jurisdiction, and provisional measures orders through June 2012. She compares the practice and procedure of the Inter-American Court with that of the European Court of Human Rights, the International Court of Justice, and the United Nations Human Rights Committee. She discusses changes in the Rules of Procedure of the Inter-American Court that entered into force on January 1, 2010, and that substantially change the role of the Inter-American Commission in contentious cases before the Court. She also evaluates the challenges and means of State compliance with the Court's innovative reparations orders and describes several instances of State compliance and noncompliance"--Page [4] of cover.
610 20 - SUBJECT ADDED ENTRY--CORPORATE NAME
Corporate name or jurisdiction name as entry element Inter-American Court of Human Rights
Form subdivision Rules and practice.
610 27 - SUBJECT ADDED ENTRY--CORPORATE NAME
Corporate name or jurisdiction name as entry element Inter-American Court of Human Rights.
Source of heading or term fast
610 27 - SUBJECT ADDED ENTRY--CORPORATE NAME
Corporate name or jurisdiction name as entry element Interamerikanischer Gerichtshof f�ur Menschenrechte
Source of heading or term gnd
610 14 - SUBJECT ADDED ENTRY--CORPORATE NAME
Corporate name or jurisdiction name as entry element Corte Interamericana de Derechos Humanos
Form subdivision Reglas y reglamentos.
650 #0 - SUBJECT ADDED ENTRY--TOPICAL TERM
Topical term or geographic name as entry element International courts
Form subdivision Rules and practice.
650 #0 - SUBJECT ADDED ENTRY--TOPICAL TERM
Topical term or geographic name as entry element Human rights
Geographic subdivision America.
650 #7 - SUBJECT ADDED ENTRY--TOPICAL TERM
Topical term or geographic name as entry element Human rights.
Source of heading or term fast
650 #7 - SUBJECT ADDED ENTRY--TOPICAL TERM
Topical term or geographic name as entry element International courts.
Source of heading or term fast
650 #7 - SUBJECT ADDED ENTRY--TOPICAL TERM
Topical term or geographic name as entry element Rechtsprechung
Source of heading or term gnd
650 #7 - SUBJECT ADDED ENTRY--TOPICAL TERM
Topical term or geographic name as entry element Verfahrensrecht
Source of heading or term gnd
650 #7 - SUBJECT ADDED ENTRY--TOPICAL TERM
Topical term or geographic name as entry element Rechtsvergleich
Source of heading or term gnd
650 #4 - SUBJECT ADDED ENTRY--TOPICAL TERM
Topical term or geographic name as entry element Tribunales internacionales
Form subdivision Reglas y reglamentos.
650 #4 - SUBJECT ADDED ENTRY--TOPICAL TERM
Topical term or geographic name as entry element Derechos humanos
Geographic subdivision Am�erica.
651 #7 - SUBJECT ADDED ENTRY--GEOGRAPHIC NAME
Geographic name America.
Source of heading or term fast
655 #7 - INDEX TERM--GENRE/FORM
Genre/form data or focus term Rules.
Source of term fast
942 ## - ADDED ENTRY ELEMENTS (KOHA)
Source of classification or shelving scheme Library of Congress Classification
Koha item type Books
Holdings
Home library Current library Date acquired Full call number Barcode Koha item type Public note
African Court on Human and Peoples' Rights Library African Court on Human and Peoples' Rights Library 13/11/2017 KDZ579 .I58 2013 10223827 Books  
African Court on Human and Peoples' Rights Library African Court on Human and Peoples' Rights Library 13/11/2017 KDZ579 .I58 2013 10223789 Books Reserve copy

African Court on Human and Peoples' Rights | For Inquiries Contact » +255 272 510 510